Business venture. (Record no. 2707)

MARC details
000 -LEADER
fixed length control field 00678nam a2200205 ar4500
001 - CONTROL NUMBER
control field 2709
005 - DATE AND TIME OF LATEST TRANSACTION
control field 20221127090544.0
008 - FIXED-LENGTH DATA ELEMENTS--GENERAL INFORMATION
fixed length control field 0906104 xxka 00010|eng d
020 ## - INTERNATIONAL STANDARD BOOK NUMBER
International Standard Book Number 9780194573269(workbook) :
Terms of availability SR23.00
020 ## - INTERNATIONAL STANDARD BOOK NUMBER
International Standard Book Number 9780194573252(student bk) :
Terms of availability SR42.00
082 04 - DEWEY DECIMAL CLASSIFICATION NUMBER
Classification number 428.2402465
Item number B256 2000
100 1# - MAIN ENTRY--PERSONAL NAME
Personal name Barnard, Roger.
245 10 - TITLE STATEMENT
Title Business venture.
Number of part/section of a work 2 /
Statement of responsibility, etc. Roger Barner, Jeff cady.
250 ## - EDITION STATEMENT
Edition statement New ed.
260 ## - PUBLICATION, DISTRIBUTION, ETC.
Place of publication, distribution, etc. London ;
-- New York :
Name of publisher, distributor, etc. Oxford University Press,
Date of publication, distribution, etc. 2000.
300 ## - PHYSICAL DESCRIPTION
Extent v. :
Other physical details ill. ;
Dimensions 27cm.
650 #4 - SUBJECT ADDED ENTRY--TOPICAL TERM
Topical term or geographic name entry element English language
General subdivision Business English.
650 #4 - SUBJECT ADDED ENTRY--TOPICAL TERM
Topical term or geographic name entry element English language
Form subdivision Textbooks for foreign speakers.
700 0# - ADDED ENTRY--PERSONAL NAME
Personal name Jeff Cady,
Relator term jt. auth.
Holdings
Withdrawn status Lost status Source of classification or shelving scheme Damaged status Not for loan Home library Current library Date acquired Total Checkouts Full call number Barcode Date last seen Copy number Price effective from Koha item type
              11/27/2022   428.2402465 B256 2000 1000000009237 11/27/2022 C1 11/27/2022 Book
              11/27/2022   428.2402465 B256 2000 1000000009236 11/27/2022 C2 11/27/2022 Book